Statistics for World Capitals at Mexico City's Latitude

Click here to take the quiz!

General Stats

  • This quiz has been taken 77 times
  • The average score is 11 of 20

Answer Stats

capital% Correct
Havana
82%
Kingston
78%
Santo Domingo
78%
Port-au-Prince
75%
Khartoum
68%
Hanoi
65%
Muscat
65%
Sana'a
60%
Nouakchott
57%
Dakar
54%
Vientiane
54%
Asmara
53%
Dhaka
53%
Belmopan
51%
St John's
51%
Guatemala City
49%
Roseau
49%
Basseterre
42%
Naypyidaw
35%
Praia
31%

Score Distribution

Percentile by Number Answered

Percent of People with Each Score

Your Score History

You have not taken this quiz